Toutes les équipes de rugby du Top 14 à la Fédérale 1, 2025-2026 - Statistics

General Stats
  • This quiz has been taken 134 times
    58 since last reset
  • The average score is 48 of 116
Answer Stats
League Team % Correct
Top 14 ASM Clermont
98%
Pro D2 Biarritz olympique
98%
Top 14 RC Toulon
98%
Top 14 Stade français
98%
Top 14 Stade toulousain
98%
Top 14 Union Bordeaux Bègles
98%
Top 14 USA Perpignan
98%
Top 14 Aviron bayonnais
95%
Top 14 Lyon OU
95%
Top 14 Racing 92
95%
Top 14 US Montauban
95%
Top 14 Castres Olympique
93%
Top 14 Montpellier HR
93%
Top 14 Stade rochelais
93%
Top 14 Section Paloise
90%
Pro D2 CA Brive
88%
Pro D2 RC Vannes
88%
Nationale Nissa rugby
85%
Pro D2 FC Grenoble
83%
Pro D2 Provence rugby
80%
Pro D2 Stade montois
80%
Nationale RC Narbonne
76%
Pro D2 SU Agen
76%
Pro D2 AS Béziers
73%
Pro D2 Oyonnax rugby
73%
Nationale Rennes EC
73%
Pro D2 Stade aurillacois
73%
Pro D2 US Dax
73%
Nationale RC Massy
71%
Pro D2 US Carcassonne
71%
Pro D2 Valence Romans DR
68%
Pro D2 Colomiers rugby
66%
Nationale Stado Tarbes PR
66%
Pro D2 USO Nevers
63%
Nationale Rouen NR
61%
Nationale SC Albi
61%
Pro D2 Soyaux Angoulême XV
61%
Nationale CS Bourgoin-Jallieu
59%
Nationale 2B RC Auch
59%
Nationale 2B RC Nîmes
51%
Nationale 2A Stade nantais
49%
Fédérale 1D FC Lourdes
46%
Nationale SO Chambéry
46%
Nationale Niort RC
44%
Nationale 2A Saint-Jean-de-Luz olympique
44%
Nationale CA Périgueux
41%
Nationale 2A RC Orléans
41%
Nationale US Bressane
41%
Nationale 2A Anglet ORC
39%
Fédérale 1C Blagnac SCR
39%
Fédérale 1A USA Limoges
39%
Fédérale 1A US Tours
37%
Nationale RC Suresnes
34%
Fédérale 1D Cahors rugby
32%
Nationale 2A Stade langonnais
32%
Nationale Olympique marcquois
29%
Fédérale 1B US Annecy
29%
Nationale 2A US Tyrosse
29%
Nationale 2B CS Vienne
27%
Nationale 2B Servette RC
27%
Fédérale 1D US Bergerac
27%
Fédérale 1A RC Bassin d'Arcachon
24%
Fédérale 1D SC Tulle
24%
Fédérale 1C UA Gaillac
24%
Nationale 2B CA Lannemezan
22%
Fédérale 1C Céret sportif
22%
Nationale 2A SA Mauléon
22%
Fédérale 1C SC Mazamet
22%
Nationale 2B Stade métropolitain
22%
Nationale 2A Union Drancy Saint-Denis
22%
Fédérale 1D US Nafarroa
22%
Fédérale 1B AS Bédarrides Châteauneuf-du-Pape
20%
Nationale 2B AS Mâcon
20%
Fédérale 1A Beauvais RC
20%
Fédérale 1D FC Oloron
20%
Nationale 2B RC Aubenas
20%
Nationale 2B RCS Rumilly
20%
Fédérale 1C RO Castelnaudary
20%
Fédérale 1A US Issoire
20%
Fédérale 1A AAS Sarcelles
17%
Nationale 2A Avenir valencien
17%
Fédérale 1D CA Sarlat
17%
Fédérale 1B CS Annonay
17%
Fédérale 1A Saint-Médard RC
17%
Fédérale 1D Stade bagnérais
17%
Nationale 2A US Marmande
17%
Fédérale 1C Saint-Girons SC
15%
Fédérale 1C TOEC TOAC FCT
15%
Fédérale 1D AS Soustons
12%
Fédérale 1B Avenir gruissanais
12%
Fédérale 1D Peyrehorade SR
12%
Fédérale 1B RO Agde
12%
Nationale 2A SC Graulhet
12%
Fédérale 1C CA Castelsarrasin
10%
Fédérale 1A CM Floirac
10%
Nationale 2B RC Tricastin
10%
Fédérale 1C Rugby Grenade
10%
Fédérale 1C UA Saverdun
10%
Fédérale 1B US Montmélian
10%
Nationale 2A US Salles
10%
Fédérale 1A XV Corsaire Saint-Malo
10%
Nationale 2B AS Fleurance
7%
Fédérale 1B CS Nuits-Saint-Georges
7%
Fédérale 1B RC Châteaurenard
7%
Fédérale 1A RC Courbevoie
7%
Fédérale 1A UA Gujan-Mestras
7%
Fédérale 1A Union Barbezieux Jonzac
7%
Nationale 2B US La Seyne-sur-Mer
7%
Fédérale 1C US L'Isle-Jourdain
7%
Fédérale 1C US Saint-Sulpice
7%
Fédérale 1B XV du Coudon
7%
Fédérale 1D 4 Cantons Bastides Haut-Agenais Périgord
5%
Fédérale 1D AS Layrac
5%
Fédérale 1B CO Berre XV
5%
Fédérale 1B SC royannais
5%
Fédérale 1B US Vinay
5%
No matching quizzes found
Score Distribution
Percent of People with Each Score
Percentile by Number Answered
Your Score History
You have not taken this quiz since the last reset